000 00280nam a2200097Ia 4500
005 20251222114403.0
008 251222s1900||||xx |||||||||||||| ||spa||
082 _aDVD0120/S59.1/1999
245 0 _aLudwig van Beethoven (1770-1827) : ViolĂ­n concerto Anne - Sophie Mutter:
942 _cDVD
999 _c1739
_d1739